Motivácia zamestnancov vo vybranej organizácii ako predpoklad efektívnej a výkonnej práce bakalárska práca

Gespeichert in:
Bibliographische Detailangaben
1. Verfasser: Osuská, Karin
Körperschaft: Obchodná fakulta EU. Katedra marketingu
Weitere Verfasser: Pavliková, Marta
Format: Buch
Sprache:Slowakisch
Veröffentlicht: Bratislava 2017
Tags: Tag hinzufügen
Keine Tags, Fügen Sie das erste Tag hinzu!

MARC

LEADER 00000nbm a2200000 4500
001 0232708
005 20170920132308.4
041 0 |a slo 
044 |a SK 
245 1 0 |a Motivácia zamestnancov vo vybranej organizácii ako predpoklad efektívnej a výkonnej práce  |b bakalárska práca  |c Karin Osuská ; školiteľ: Marta Pavliková 
264 1 |a Bratislava  |c 2017 
300 |a 64 s. 
100 1 |a Osuská, Karin 
700 1 |a Pavliková, Marta 
710 2 |a Obchodná fakulta EU. Katedra marketingu